[Event "Chigorin Memorial 30th"]
[Site "St Petersburg"]
[Date "2023.10.28"]
[Round "8"]
[White "Dodonov, Ivan"]
[Black "Artamonova, Ulyana"]
[Result "1/2-1/2"]
[WhiteElo "1638"]
[BlackElo "1305"]
[PlyCount "84"]
[EventDate "2023.10.21"]
[EventType "swiss"]
[EventRounds "9"]
[EventCountry "RUS"]
[SourceTitle "Mega2024 Update 01"]
[Source "Chessbase"]
[SourceDate "2023.11.12"]
[SourceVersion "1"]
[SourceVersionDate "2023.11.12"]
[SourceQuality "1"]

1. d4 d5 2. Nf3 Nf6 3. Bf4 Bf5 4. e3 e6 5. c4 dxc4 6. Bxc4 c6 7. 0-0 Be7 8. Nc3 Nbd7 9. h3 Nb6 10. Be2 Nbd5 11. Bh2 Nxc3 12. bxc3 Ne4 13. Qb3 Qb6 14. Rfc1 Qxb3 15. axb3 Bd6 16. Bxd6 Nxd6 17. c4 h6 18. Nd2 Ne4 19. Nxe4 Bxe4 20. f3 Bh7 21. d5 Kd7 22. dxe6+ Kxe6 23. c5 Rhd8 24. Rd1 a6 25. Bc4+ Ke7 26. e4 f6 27. Kf2 Bg6 28. g3 Bf7 29. Bxf7 Kxf7 30. f4 g6 31. Ke2 Ke6 32. b4 Rd7 33. Rxd7 Kxd7 34. Ke3 Ke7 35. Ra3 Rb8 36. Rd3 b6 37. cxb6 Rxb6 38. Rd4 Rb5 39. Rc4 Kd6 40. Kd4 a5 41. bxa5 c5+ 42. Kd3 Rxa5 1/2-1/2